Normal view
MARC view
Entry Topical Term
001 - CONTROL NUMBER
- control field: 8918
003 - CONTROL NUMBER IDENTIFIER
- control field: ARRUPE
005 - DATE AND TIME OF LATEST TRANSACTION
- control field: 20140225164149.0
008 - FIXED-LENGTH DATA ELEMENTS
- fixed length control field: 140225|| aca||aabn | a|a d
040 ## - CATALOGING SOURCE
- Original cataloging agency: ARRUPE
- Transcribing agency: ARRUPE
150 ## - HEADING--TOPICAL TERM
- Topical term or geographic name as entry element: Communism
- General subdivision: Soviet Union History
- General subdivision: Politics
- Chronological subdivision: 1917-1936
- Geographic subdivision: Russia
- Geographic subdivision: Soviet Union
670 ## - SOURCE DATA FOUND
- Source citation: Work cat.: (ARRUPE): Service, Robert 8916, Trotsky, 2009